[Event "Brno CEZ Talent"]
[Site "?"]
[Date "2013.08.28"]
[Round "5"]
[White "Koci, Tereza"]
[Black "Stanek, Stanislav"]
[Result "0-1"]
[WhiteElo "1426"]
[BlackElo "1967"]
[PlyCount "112"]

1. c4 d6 2. e4 e5 3. Nc3 c6 4. g3 Nf6 5. Bg2 Be7 6. h3 Nbd7 7. Nge2 O-O 8. O-O
Re8 9. d3 Nf8 10. Kh2 h6 11. f4 N6h7 12. f5 Bg5 13. Bxg5 hxg5 14. g4 Nd7 15. b3
Qf6 16. Qe1 Qh6 17. Qg3 Nhf6 18. Bf3 Kh7 19. Kg2 Rh8 20. Rh1 Kg8 21. Kf2 Nc5
22. Rad1 Nfd7 23. Bg2 a5 24. Ra1 b6 25. Rhd1 Bb7 26. Rab1 {(R)} Qf6 27. Kg1 Rh6
28. Kh1 Kh7 29. Kg1 Rh8 30. Kh2 Kg8 31. a3 Qe7 32. b4 axb4 33. axb4 Na6 34. d4
exd4 35. Nxd4 Ne5 36. b5 cxb5 37. cxb5 Nc5 38. Nd5 Qd8 39. Nc6 Bxc6 40. bxc6
Nxc6 41. Rxb6 Ne5 42. Rdb1 Ncd7 43. Rb7 Qa5 44. Ne7+ Kh7 45. Nd5 Rh4 46. R7b5
Qa6 47. Bf1 Qa4 48. R5b4 Qc2+ 49. Bg2 Nxg4+ 50. Kh1 Nde5 51. Rb5 Nf2+ 52. Kg1
Nxh3+ 53. Kf1 Qc4+ 54. Ke1 Nd3+ 55. Kd1 Ndf2+ 56. Ke1 Nxe4 0-1

[Event "Brno CEZ Talent"]
[Site "?"]
[Date "2013.08.28"]
[Round "5"]
[White "Effenberger, Adam"]
[Black "Sikora, Lukas"]
[Result "1/2-1/2"]
[WhiteElo "1700"]
[BlackElo "1954"]
[PlyCount "44"]

1. d4 Nf6 2. Nf3 g6 3. Bf4 Bg7 4. e3 c5 5. c3 cxd4 6. cxd4 Nc6 7. Nc3 Qb6 8.
Qd2 d5 9. Be2 Bf5 10. O-O Ne4 11. Nxe4 dxe4 12. Ne1 e5 13. dxe5 Nxe5 14. Qd5
Rd8 15. Bb5+ Nc6 16. Qb3 Rd2 17. Nc2 Rxc2 18. Qxc2 Qxb5 19. g4 Nb4 20. Qc7 Bxg4
21. Qb8+ Ke7 22. Qc7+ Ke8 1/2-1/2

[Event "Brno CEZ Talent"]
[Site "?"]
[Date "2013.08.28"]
[Round "5"]
[White "Hlavinka, Zdenek"]
[Black "Kaplan, Milan"]
[Result "1-0"]
[WhiteElo "1951"]
[BlackElo "1000"]
[PlyCount "91"]

1. d4 Nf6 2. Bf4 e6 3. e3 c5 4. c3 a6 5. Nd2 d5 6. Bd3 Nbd7 7. Ngf3 h6 8. O-O
b5 9. Qe2 c4 10. Bc2 Nb6 11. e4 Bb7 12. e5 Nh5 13. Be3 g6 14. h3 Ng7 15. Nh2 h5
16. f4 Nf5 17. Bf2 h4 18. Ng4 Be7 19. Nf3 Ng3 20. Bxg3 hxg3 21. Qe1 Bh4 22.
Nxh4 Qxh4 23. Rf3 Ke7 24. Qxg3 a5 25. Qxh4+ Rxh4 26. a3 Nd7 27. Ne3 Rah8 28.
Ng4 a4 29. Raf1 f5 30. exf6+ Nxf6 31. Ne5 Ne4 32. Nxg6+ Kf6 33. Nxh4 Rxh4 34.
Bxe4 dxe4 35. Rg3 Rh8 36. Rg5 Bd5 37. Kf2 Rh4 38. Kg3 Rh8 39. h4 Rh6 40. Kg4
Bc6 41. g3 Bd7 42. Re5 Bc6 43. h5 Rh8 44. Kh4 Rg8 45. f5 exf5 46. Rfxf5+ 1-0

[Event "Brno CEZ Talent"]
[Site "?"]
[Date "2013.08.28"]
[Round "5"]
[White "Sladek, Vladislav"]
[Black "Nehyba, Martin"]
[Result "1-0"]
[WhiteElo "2024"]
[BlackElo "1566"]
[PlyCount "107"]

1. e4 e5 2. Bc4 Nf6 3. d4 Nc6 4. Nf3 exd4 5. e5 d5 6. Bb5 Nd7 7. O-O Bc5 8. c3
O-O 9. cxd4 Bb6 10. Nc3 Ndb8 11. Bg5 Ne7 12. Nxd5 Qxd5 13. Bxe7 Qxb5 14. Bxf8
Kxf8 15. Ng5 h6 16. Qh5 Qd7 17. e6 fxe6 18. Qf3+ Kg8 19. Nxe6 Qxe6 20. Rae1 Qf7
21. Qa3 Bd7 22. Re7 Qf8 23. Rfe1 Ba5 24. Qxa5 Nc6 25. Qd5+ Kh8 26. Rxd7 Re8 27.
Rxe8 Qxe8 28. g3 a6 29. Qf7 Qe1+ 30. Kg2 Qe4+ 31. Kh3 Qh7 32. Qf8+ Qg8 33.
Qxg8+ Kxg8 34. Rxc7 Nxd4 35. Rxb7 Nc2 36. b4 Na3 37. f4 Nb5 38. a4 Nc3 39. b5
Nxa4 40. bxa6 Nc5 41. a7 Ne4 42. a8=Q+ Kh7 43. Rxg7+ Kxg7 44. Qxe4 h5 45. Kh4
Kh6 46. Qc6+ Kg7 47. Kg5 Kf7 48. Qf6+ Ke8 49. Qg7 h4 50. Kf6 Kd8 51. Ke6 Kc8
52. Kd6 Kb8 53. Kc6 hxg3 54. Qb7# 1-0

[Event "Brno CEZ Talent"]
[Site "?"]
[Date "2013.08.28"]
[Round "5"]
[White "Navratilova, Alena"]
[Black "Zitny, Petr"]
[Result "0-1"]
[WhiteElo "1684"]
[BlackElo "1877"]
[PlyCount "44"]

1. Nf3 c5 2. c4 e6 3. g3 d5 4. cxd5 exd5 5. d4 Nf6 6. Bg2 Nc6 7. O-O Be7 8.
dxc5 Bxc5 9. e3 O-O 10. a3 Qe7 11. Nc3 Rd8 12. Qc2 Bg4 13. Ne2 Bb6 14. Qa4 Rac8
15. Ned4 Na5 16. b4 Bd7 17. Qd1 Nc4 18. Nd2 Ne5 19. N2f3 Nc4 20. Nd2 Nxe3 21.
Qe1 Bxd4 22. Rb1 Nf5 0-1

[Event "Brno CEZ Talent"]
[Site "?"]
[Date "2013.08.28"]
[Round "5"]
[White "Martirosyan, Ara"]
[Black "Zikan, Karel"]
[Result "1-0"]
[WhiteElo "1610"]
[BlackElo "1795"]
[PlyCount "49"]

1. e4 c6 2. d4 d5 3. exd5 cxd5 4. c4 Nf6 5. Nc3 Nc6 6. Bg5 e6 7. c5 Be7 8. Bb5
O-O 9. Nf3 Bd7 10. Bxc6 Bxc6 11. O-O Ne4 12. Bxe7 Qxe7 13. Rc1 Rfd8 14. Qe2 Qe8
15. Rfe1 b6 16. Nxe4 dxe4 17. Ne5 Rxd4 18. cxb6 Bb5 19. Qe3 Rd5 20. b7 Rb8 21.
Qxa7 f6 22. Qxb8 Qxb8 23. Rc8+ Rd8 24. Rec1 Be8 25. Rxb8 1-0

[Event "Brno CEZ Talent"]
[Site "?"]
[Date "2013.08.28"]
[Round "5"]
[White "Glacner, Karel"]
[Black "Turza, Pavel"]
[Result "0-1"]
[WhiteElo "1583"]
[BlackElo "1774"]
[PlyCount "56"]

1. e4 e5 2. Nf3 Nc6 3. Bb5 Bc5 4. Bxc6 dxc6 5. O-O Bg4 6. h3 h5 7. Nc3 Qf6 8.
d3 Bxf3 9. Qxf3 Qxf3 10. gxf3 O-O-O 11. f4 f6 12. Na4 Bd6 13. f5 Ne7 14. Be3 g6
15. c4 b6 16. fxg6 Nxg6 17. Kh1 Nf4 18. Bxf4 exf4 19. f3 Be5 20. Rad1 Rd7 21.
Rd2 Rhd8 22. Rfd1 Bd4 23. Rc2 Rg8 24. Kh2 Rg3 25. Rf1 Rdg7 26. Rcc1 Rg2+ 27.
Kh1 R7g3 28. Rb1 Rd2 0-1

[Event "Brno CEZ Talent"]
[Site "?"]
[Date "2013.08.28"]
[Round "5"]
[White "Kosina, Vladimir"]
[Black "Richterova, Julie"]
[Result "1-0"]
[WhiteElo "1773"]
[BlackElo "1437"]
[PlyCount "95"]

1. d4 Nf6 2. c4 e5 3. e3 exd4 4. exd4 d5 5. Nc3 c6 6. Nf3 Bg4 7. Be3 Be7 8. Bd3
O-O 9. O-O Na6 10. a3 Nc7 11. Rc1 Rc8 12. h3 Bh5 13. Bf5 Ne6 14. c5 Rc7 15. b4
a6 16. Re1 Re8 17. g4 Bg6 18. Bxe6 fxe6 19. Bf4 Rc8 20. Ne5 Be4 21. f3 Bg6 22.
Na4 Bf8 23. Nxg6 hxg6 24. Nb6 Rc7 25. Bxc7 Qxc7 26. Qd2 Qg3+ 27. Qg2 Qf4 28.
Rcd1 e5 29. dxe5 Rxe5 30. Rxe5 Qxe5 31. Rd3 Qe1+ 32. Qf1 Qg3+ 33. Kh1 g5 34.
Na4 Kh7 35. Nc3 Qf4 36. Ne2 Qc4 37. Nd4 Nd7 38. Rd1 Qa2 39. Qd3+ Kg8 40. Rd2
Qa1+ 41. Kg2 Qe1 42. Qe2 Qc1 43. Ra2 Qc3 44. Qd2 Qxd2+ 45. Rxd2 Be7 46. Nf5 Bf6
47. Nd6 Be5 48. Nxb7 1-0

[Event "Brno CEZ Talent"]
[Site "?"]
[Date "2013.08.28"]
[Round "5"]
[White "Hrdlicka, Vladan"]
[Black "Prokop, Jiri"]
[Result "1-0"]
[WhiteElo "1686"]
[BlackElo "1758"]
[PlyCount "46"]

1. e4 d6 2. d4 Nf6 3. Nc3 g6 4. Bg5 Bg7 5. Qd2 c6 6. f3 Qc7 7. Bh6 O-O 8. h4 a6
9. Bxg7 Kxg7 10. Nh3 e5 11. O-O-O Nh5 12. g4 Ng3 13. Rh2 Nxf1 14. Rxf1 b5 15.
h5 Ra7 16. hxg6 fxg6 17. Ng5 Rh8 18. Rfh1 h6 19. d5 c5 20. Ne6+ Bxe6 21. dxe6
Qd8 22. Rxh6 Rxh6 23. Qxh6+ Kf6 1-0

[Event "Brno CEZ Talent"]
[Site "?"]
[Date "2013.08.28"]
[Round "5"]
[White "Blazek, Pavel"]
[Black "von Keyserlingk, Chanda"]
[Result "0-1"]
[WhiteElo "1820"]
[BlackElo "1673"]
[PlyCount "96"]

1. e4 Nc6 2. d4 e6 3. Nf3 d5 4. e5 Na5 5. c3 c5 6. dxc5 Bd7 7. b4 Nc6 8. Be3
Qc7 9. Bd4 Nge7 10. b5 Nxd4 11. cxd4 Qa5+ 12. Qd2 Qxd2+ 13. Nbxd2 g6 14. Be2
Bg7 15. O-O O-O 16. Nh4 g5 17. Nhf3 g4 18. Ne1 Ng6 19. Bxg4 Bxb5 20. Nc2 Bxf1
21. Rxf1 Ne7 22. f4 Nc6 23. f5 exf5 24. Bxf5 Kh8 25. Bd7 Ne7 26. Nf3 Rad8 27.
e6 fxe6 28. Bxe6 h6 29. Ne5 Rxf1+ 30. Kxf1 Bxe5 31. dxe5 Nc6 32. Ne3 d4 33. Nc4
Kg7 34. Ke2 d3+ 35. Kd2 Nd4 36. Bh3 Nc6 37. e6 Kf6 38. Nd6 b6 39. Nf7 Rf8 40.
cxb6 axb6 41. Nxh6 Ne5 42. Nf7 Nxf7 43. exf7 Rxf7 44. Kxd3 Ra7 45. Bd7 Rxd7+
46. Kc3 Ke5 47. Kb4 Kd6 48. g3 Kc6 0-1

[Event "Brno CEZ Talent"]
[Site "?"]
[Date "2013.08.28"]
[Round "5"]
[White "Sojka, Oldrich"]
[Black "Lisik, Miroslav"]
[Result "1/2-1/2"]
[WhiteElo "1639"]
[BlackElo "1667"]
[PlyCount "101"]

1. e4 c5 2. Bc4 Nc6 3. a3 g6 4. Nc3 Bg7 5. Nf3 Nf6 6. d3 O-O 7. Bg5 a6 8. Qd2
d6 9. h3 Rb8 10. Bh6 b5 11. Ba2 b4 12. Ne2 bxa3 13. bxa3 Qa5 14. Bxg7 Kxg7 15.
Bb3 Qxd2+ 16. Nxd2 Bd7 17. O-O Na5 18. Rab1 Nxb3 19. cxb3 Rb7 20. Rfc1 Rfb8 21.
Rc3 a5 22. Nc1 a4 23. Ra1 axb3 24. Rxb3 Rxb3 25. Ndxb3 c4 26. Nd2 cxd3 27. Nxd3
Rc8 28. e5 Ne8 29. exd6 Nxd6 30. a4 Ra8 31. a5 Bb5 32. Nc5 Nc8 33. Ndb3 Na7 34.
Nd4 Bc4 35. a6 Rc8 36. Ra5 Rd8 37. Ndb3 Rd1+ 38. Kh2 Rb1 39. Nd2 Rc1 40. Nxc4
Rxc4 41. Nb7 Rc6 42. Ra2 Kf6 43. Kg3 e6 44. Kf4 Rc4+ 45. Ke3 Ke7 46. Rd2 Rc6
47. Ra2 Kd7 48. Rd2+ Ke7 49. Ra2 Kd7 50. Rd2+ Ke7 51. Ra2 1/2-1/2

[Event "Brno CEZ Talent"]
[Site "?"]
[Date "2013.08.28"]
[Round "5"]
[White "Kandalec, Stefan"]
[Black "Zuziak, Petr"]
[Result "0-1"]
[WhiteElo "1843"]
[BlackElo "1713"]
[PlyCount "82"]

1. e4 g6 2. d4 Bg7 3. Nf3 c6 4. Be2 d5 5. e5 Nh6 6. O-O O-O 7. Bf4 f6 8. exf6
exf6 9. Bd3 Bf5 10. Nc3 Bxd3 11. Qxd3 Na6 12. Rfe1 Nc7 13. Re2 Re8 14. Rae1
Rxe2 15. Qxe2 Nf5 16. Bxc7 Qxc7 17. g4 Nd6 18. Qe6+ Kf8 19. g5 Re8 20. Qh3
Rxe1+ 21. Nxe1 Qe7 22. Kf1 Kg8 23. gxf6 Bxf6 24. Qe3 Qxe3 25. fxe3 Nc4 26. e4
Bxd4 27. exd5 Bxc3 28. bxc3 Ne3+ 29. Ke2 Nxd5 30. Kd3 Kf7 31. Nf3 Kf6 32. Kd4
g5 33. a3 h5 34. c4 Ne7 35. Kc5 Nf5 36. c3 g4 37. Nd4 Nxd4 38. cxd4 Ke6 39. d5+
cxd5 40. cxd5+ Kd7 41. Kd4 h4 0-1

[Event "Brno CEZ Talent"]
[Site "?"]
[Date "2013.08.29"]
[Round "6"]
[White "Chudinovskis, Alexander"]
[Black "Bernasek, Jan"]
[Result "1/2-1/2"]
[WhiteElo "2299"]
[BlackElo "2535"]
[PlyCount "31"]

1. d4 Nf6 2. Nf3 e6 3. g3 b5 4. Bg2 Bb7 5. O-O c5 6. b3 cxd4 7. Bb2 Bc5 8. Nxd4
Bxg2 9. Kxg2 Qb6 10. Qd3 Qb7+ 11. Kg1 a6 12. c4 bxc4 13. Qxc4 Be7 14. Nd2 O-O
15. Rac1 a5 16. Qb5 1/2-1/2

[Event "Brno CEZ Talent"]
[Site "?"]
[Date "2013.08.29"]
[Round "6"]
[White "Polak, Tomas"]
[Black "Kireev, Alexei"]
[Result "1-0"]
[WhiteElo "2492"]
[BlackElo "2337"]
[PlyCount "61"]

1. d4 d6 2. Nf3 g6 3. c4 Bg7 4. Nc3 c6 5. e4 e5 6. Be2 Nd7 7. O-O f6 8. b3 Nh6
9. Ba3 Nf7 10. Qd2 Bf8 11. Rad1 Be7 12. Ne1 O-O 13. f4 Re8 14. Kh1 Bf8 15. Nc2
Bg7 16. dxe5 dxe5 17. f5 Nf8 18. Qe3 Qc7 19. Qg3 g5 20. Bh5 Rd8 21. Rxd8 Qxd8
22. Rd1 Qc7 23. Qd3 Nd7 24. Nd5 cxd5 25. Bxf7+ Kh8 26. Qxd5 Bf8 27. Qe6 Kg7 28.
Be7 Qc6 29. Rd6 Qxd6 30. Qxd6 Kxf7 31. Qe6+ 1-0

[Event "Brno CEZ Talent"]
[Site "?"]
[Date "2013.08.29"]
[Round "6"]
[White "Ponizil, Cyril"]
[Black "Plat, Vojtech"]
[Result "1/2-1/2"]
[WhiteElo "2421"]
[BlackElo "2470"]
[PlyCount "42"]

1. e4 d6 2. d4 Nf6 3. Nc3 e5 4. Nf3 Nbd7 5. Bc4 Be7 6. O-O O-O 7. Re1 c6 8. a4
a5 9. Ba2 Qb6 10. h3 exd4 11. Qxd4 Qxd4 12. Nxd4 Nc5 13. Bf4 Re8 14. Rad1 Bf8
15. Nf3 Be6 16. Bxe6 Rxe6 17. Ng5 Ree8 18. Bxd6 Bxd6 19. Rxd6 h6 20. Nf3 Nfxe4
21. Nxe4 Nxe4 1/2-1/2

[Event "Brno CEZ Talent"]
[Site "?"]
[Date "2013.08.29"]
[Round "6"]
[White "Svoboda, Vaclab"]
[Black "Zwardon, Vojtech"]
[Result "1-0"]
[WhiteElo "2424"]
[BlackElo "2384"]
[PlyCount "77"]

1. d4 Nf6 2. c4 e5 3. dxe5 Ng4 4. Bf4 g5 5. Bg3 Bg7 6. Nf3 Nc6 7. Nc3 Ngxe5 8.
Nxe5 Nxe5 9. e3 h5 10. h4 g4 11. Qc2 d6 12. O-O-O Be6 13. c5 O-O 14. Kb1 Qe7
15. Nd5 Bxd5 16. Rxd5 Rfd8 17. cxd6 cxd6 18. Qe4 Qf6 19. Rd2 Rac8 20. Be2 Ng6
21. Bd3 Rc5 22. Rc1 Nxh4 23. Bxh4 Qxh4 24. Qxb7 a5 25. Bc4 Rf5 26. e4 Re5 27.
Qxf7+ Kh7 28. Bd5 Rf8 29. Qa7 Re7 30. Qxa5 Bh6 31. g3 Bxd2 32. Qxd2 Qf6 33. Rc2
h4 34. gxh4 Qxh4 35. a4 Qf6 36. a5 Ra7 37. b4 Rb8 38. Rb2 Rb5 39. Qd3 1-0

[Event "Brno CEZ Talent"]
[Site "?"]
[Date "2013.08.29"]
[Round "6"]
[White "Kuchynka, Lukas"]
[Black "Velicka, Petr"]
[Result "1/2-1/2"]
[WhiteElo "2316"]
[BlackElo "2421"]
[PlyCount "69"]

1. d4 Nf6 2. Nf3 c5 3. e3 d5 4. b3 Nc6 5. Bb2 Bg4 6. Be2 e6 7. Nbd2 Be7 8. O-O
O-O 9. c4 cxd4 10. Nxd4 Bxe2 11. Qxe2 Rc8 12. Rfd1 Qa5 13. e4 Nxd4 14. Bxd4
dxe4 15. Nxe4 Qf5 16. Bxf6 Bxf6 17. Nd6 Qc5 18. Rac1 Rb8 19. Ne4 Qe7 20. Nxf6+
Qxf6 21. Rd7 Rfd8 22. Qd2 Rxd7 23. Qxd7 Qd8 24. Rd1 Qxd7 25. Rxd7 a5 26. c5 Kf8
27. Rc7 Rd8 28. Kf1 Rd5 29. a3 g6 30. b4 axb4 31. axb4 b6 32. c6 b5 33. Ke2 Rd4
34. Rb7 Rc4 35. c7 1/2-1/2

[Event "Brno CEZ Talent"]
[Site "?"]
[Date "2013.08.29"]
[Round "6"]
[White "Bures, Jaroslav"]
[Black "Kantorik, Marian"]
[Result "1/2-1/2"]
[WhiteElo "2377"]
[BlackElo "2280"]
[PlyCount "45"]

1. e4 e5 2. Nf3 Nc6 3. Bb5 a6 4. Ba4 d6 5. c3 Bd7 6. O-O Nge7 7. d4 Ng6 8. d5
Nb8 9. c4 Be7 10. Nc3 Bxa4 11. Qxa4+ Nd7 12. Qc2 O-O 13. g3 b6 14. a3 Nc5 15.
b4 Nb7 16. Be3 h6 17. Kg2 Qd7 18. h4 Bxh4 19. Nxh4 Nxh4+ 20. gxh4 Qg4+ 21. Kh2
Qxh4+ 22. Kg1 Qg4+ 23. Kh2 1/2-1/2

[Event "Brno CEZ Talent"]
[Site "?"]
[Date "2013.08.29"]
[Round "6"]
[White "Kulovana, Eva"]
[Black "Roubalik, Jakub"]
[Result "1/2-1/2"]
[WhiteElo "2250"]
[BlackElo "2344"]
[PlyCount "69"]

1. e4 c5 2. Nf3 Nc6 3. Bb5 g6 4. Bxc6 dxc6 5. d3 Bg7 6. h3 {(R)} Nf6 7. Nc3 Nd7
8. Be3 e5 9. Qd2 Qe7 10. Bh6 f6 11. Bxg7 Qxg7 12. Nh2 Nf8 13. f4 exf4 14. Qxf4
Ne6 15. Qf2 Nd4 16. O-O O-O 17. Rae1 f5 18. Qd2 Be6 19. exf5 Bxf5 20. Ne4 b6
21. c3 Nb5 22. a4 Nc7 23. Ng4 Kh8 24. Nh6 Bxe4 25. dxe4 Ne6 26. e5 Rad8 27. Qe3
c4 28. Rf6 Rd3 29. Qe4 Qxh6 30. Rxe6 Qg5 31. Rxc6 Rd2 32. Rf6 Rxf6 33. exf6
Qxf6 34. Rf1 Qd6 35. Qe8+ 1/2-1/2

[Event "Brno CEZ Talent"]
[Site "?"]
[Date "2013.08.29"]
[Round "6"]
[White "Dambrauskas, Virginijus"]
[Black "Vechet, Stanislav"]
[Result "1/2-1/2"]
[WhiteElo "2280"]
[BlackElo "2165"]
[PlyCount "41"]

1. d4 d5 2. c4 e6 3. Nc3 Nf6 4. Nf3 Nbd7 5. e3 c6 6. b3 Bb4 7. Bd2 a5 8. Bd3
O-O 9. O-O Bd6 10. Qc2 h6 11. e4 dxe4 12. Nxe4 Nxe4 13. Bxe4 e5 14. Bc3 exd4
15. Nxd4 Nc5 16. Bf3 Qc7 17. g3 Be5 18. Rfe1 Bf6 19. Rad1 Bh3 20. Ne2 Bxc3 21.
Qxc3 1/2-1/2

[Event "Brno CEZ Talent"]
[Site "?"]
[Date "2013.08.29"]
[Round "6"]
[White "Skliba, Martin"]
[Black "Dirgas, Josef"]
[Result "1-0"]
[WhiteElo "2271"]
[BlackElo "2024"]
[PlyCount "49"]

1. d4 d5 2. c4 c6 3. Nf3 Nf6 4. Nc3 e6 5. e3 Nbd7 6. Qc2 Bd6 7. g4 Nxg4 8. Rg1
Qf6 9. Rxg4 Qxf3 10. Rxg7 Nf6 11. Rg5 Ne4 12. Nxe4 dxe4 13. c5 Bc7 14. Bd2 h5
15. Bc3 Qf6 16. h4 Qh6 17. Qxe4 Bd8 18. Rg1 Bf6 19. b4 Bd7 20. b5 Ke7 21. Rb1
Rag8 22. bxc6 bxc6 23. Rxg8 Rxg8 24. Rb7 Qg6 25. Qf4 1-0

[Event "Brno CEZ Talent"]
[Site "?"]
[Date "2013.08.29"]
[Round "6"]
[White "Chytilek, Roman"]
[Black "Richterova, Natasa"]
[Result "1-0"]
[WhiteElo "2382"]
[BlackElo "2059"]
[PlyCount "63"]

1. c4 Nf6 2. Nc3 e5 3. g3 Bb4 4. Bg2 Bxc3 5. bxc3 d6 6. d3 h6 7. e4 Nc6 8. Ne2
Be6 9. Rb1 Qc8 10. h3 Rb8 11. f4 g6 12. g4 exf4 13. Nxf4 Kf8 14. O-O Kg7 15.
Rb2 Nh7 16. Rbf2 Rf8 17. Qd2 g5 18. Nh5+ Kg8 19. Rf6 Nxf6 20. Rxf6 Bxg4 21.
hxg4 Qxg4 22. Rxh6 f6 23. Nxf6+ Rxf6 24. Rxf6 Ne5 25. Rf5 Nf7 26. Qe3 Re8 27.
Qf3 Qxf3 28. Bxf3 Kg7 29. Rxf7+ Kxf7 30. Bh5+ Kf8 31. Bxe8 Kxe8 32. Bxg5 1-0

[Event "Brno CEZ Talent"]
[Site "?"]
[Date "2013.08.29"]
[Round "6"]
[White "Lanc, Alois"]
[Black "Uhmann, Jan ml."]
[Result "1-0"]
[WhiteElo "2363"]
[BlackElo "2046"]
[PlyCount "111"]

1. e4 e5 2. Bc4 Nc6 3. Nf3 Bc5 4. c3 Nf6 5. d3 d6 6. Nbd2 Bg4 7. h3 Bh5 8. g4
Bg6 9. Nh4 Qd7 10. b4 Bb6 11. Ndf3 Ne7 12. Bb3 O-O-O 13. a4 a5 14. Qe2 Nc6 15.
b5 Nb8 16. Qa2 d5 17. Nxg6 hxg6 18. Nxe5 Qe7 19. Bf4 Nbd7 20. Nxd7 Rxd7 21.
O-O-O dxe4 22. d4 Rhd8 23. Rhe1 Nd5 24. Bxd5 Rxd5 25. Rd2 f5 26. gxf5 gxf5 27.
Rg1 Qf7 28. h4 R8d7 29. Rg5 c5 30. bxc6 bxc6 31. Qc4 Kb7 32. h5 Qe7 33. Rg6
R7d6 34. Bxd6 Rxd6 35. Rb2 Rxg6 36. hxg6 Qg5+ 37. Kb1 Qg1+ 38. Ka2 Qd1 39. Qb3
Qxb3+ 40. Kxb3 Bd8 41. Kc4+ Kc7 42. Re2 Bh4 43. d5 Kd6 44. dxc6 Kxc6 45. Rb2
Kd6 46. Rb7 Ke6 47. Rxg7 Kf6 48. Rh7 Bxf2 49. g7 Kf7 50. Rh5 f4 51. Rf5+ Kxg7
52. Rxf4 e3 53. Kd3 Kg6 54. Ke2 Kg5 55. Rf3 Kg4 56. c4 1-0

[Event "Brno CEZ Talent"]
[Site "?"]
[Date "2013.08.29"]
[Round "6"]
[White "Blahynka, Martin"]
[Black "Karlik, Vladimir"]
[Result "1-0"]
[WhiteElo "2166"]
[BlackElo "2284"]
[PlyCount "77"]

1. d4 d6 2. Nf3 Nf6 3. c4 Bf5 4. Nc3 g6 5. Nh4 Bd7 6. e4 e5 7. dxe5 dxe5 8. Nf3
Nc6 9. Be2 Bg7 10. Be3 O-O 11. h3 Nh5 12. Qd2 Be6 13. O-O-O Qxd2+ 14. Rxd2 Nf4
15. Bf1 Rfd8 {(R)} 16. Nd5 Bxd5 17. cxd5 Ne7 18. Bxf4 exf4 19. Bc4 Nc8 20. e5
Nb6 21. Bb3 c6 22. d6 Nd7 23. e6 fxe6 24. Ng5 Nc5 25. Bxe6+ Nxe6 26. Nxe6 f3
27. Nxd8 fxg2 28. Rg1 Rxd8 29. Kc2 Kf7 30. Rxg2 Ke6 31. f4 Bf8 32. d7 Bd6 33.
f5+ gxf5 34. Rg7 Bb4 35. Re2+ Kd6 36. a3 Ba5 37. Rxh7 Rxd7 38. Rxd7+ Kxd7 39.
Re5 1-0

[Event "Brno CEZ Talent"]
[Site "?"]
[Date "2013.08.29"]
[Round "6"]
[White "Meszaros, Ludek"]
[Black "Fiala, Vaclav"]
[Result "1-0"]
[WhiteElo "2106"]
[BlackElo "2192"]
[PlyCount "139"]

1. e4 c5 2. Nf3 d6 3. d4 cxd4 4. Nxd4 Nf6 5. Nc3 a6 6. f4 e6 7. Bd3 Be7 8. O-O
Qc7 9. a4 O-O 10. Kh1 Nc6 11. Nf3 Re8 12. Qe1 e5 13. Nd5 Qd8 14. fxe5 dxe5 15.
Nxe7+ Qxe7 16. Bg5 h6 17. Bh4 Qe6 18. b3 Nh5 19. Bc4 Qg6 20. Rd1 Nf4 21. Bg3
Be6 22. Bd5 f6 23. Bxf4 exf4 24. Qh4 Bxd5 25. exd5 Re2 26. Rf2 Qxc2 27. Rff1
Qg6 28. Rg1 Rd8 29. Qxf4 Ne5 30. Nxe5 Rxe5 31. d6 Qf7 32. Qc1 Qe6 33. d7 Qb6
34. Qc4+ Kh7 35. h3 Qc5 36. Qd3+ f5 37. Rge1 g6 38. Rxe5 Qxe5 39. Qc4 Kg7 40.
Qc8 Qf6 41. Qxb7 g5 42. Qf3 Qe6 43. Qc3+ Kf7 44. Re1 Qd5 45. Qc8 Rxd7 46. Qxa6
Rd6 47. Qe2 Rd7 48. Qh5+ Kg7 49. Qe8 Qd2 50. Qe5+ Kg6 51. a5 f4 52. a6 Rf7 53.
Qe2 Qa5 54. Qc2+ Kg7 55. Qb2+ Kh7 56. Ra1 Qb6 57. Qc2+ Kg8 58. Qc8+ Kg7 59.
Qc3+ Kh7 60. b4 Qf2 61. Qf3 Qb2 62. Qd3+ Kg7 63. Rb1 Qf2 64. Rf1 Qb2 65. b5 h5
66. Rd1 f3 67. gxf3 Kh6 68. Qd5 Qe2 69. Rg1 Qe7 70. a7 1-0

[Event "Brno CEZ Talent"]
[Site "?"]
[Date "2013.08.29"]
[Round "6"]
[White "Sremanak, Slavomir"]
[Black "Vesely, Jaromir"]
[Result "1-0"]
[WhiteElo "2184"]
[BlackElo "1961"]
[PlyCount "61"]

1. d4 d5 2. c4 e6 3. Nc3 Nf6 4. Nf3 c6 5. g3 Nbd7 6. Qb3 Bd6 7. Bg2 O-O 8. O-O
dxc4 9. Qxc4 e5 10. Rd1 Qe7 11. e4 exd4 12. Nxd4 Ne5 13. Qf1 Bc5 14. h3 Be6 15.
Nf5 Bxf5 16. exf5 Rfd8 17. Bg5 Rxd1 18. Rxd1 Rd8 19. Ne4 Bd4 20. Qe2 c5 21. Kh2
Re8 22. Re1 Kf8 23. Bxf6 gxf6 24. f4 Nc6 25. Qh5 Kg8 26. Ng5 fxg5 27. Rxe7 Nxe7
28. Qxg5+ Kh8 29. f6 Ng6 30. f5 Re1 31. h4 1-0

[Event "Brno CEZ Talent"]
[Site "?"]
[Date "2013.08.29"]
[Round "6"]
[White "Navratil, Jiri"]
[Black "Kratochvil, Milan"]
[Result "0-1"]
[WhiteElo "2036"]
[BlackElo "2180"]
[PlyCount "82"]

1. e4 e5 2. Nf3 Nf6 3. Nxe5 d6 4. Nf3 Nxe4 5. Nc3 Nxc3 6. dxc3 Nc6 7. Bf4 Be6
8. Qd2 Qd7 9. O-O-O Be7 10. Kb1 a6 11. Nd4 Nxd4 12. cxd4 d5 13. Bd3 Bf6 14. Qb4
O-O-O 15. Rhe1 Bf5 16. Qc5 Bxd3 17. Rxd3 b6 18. Qa3 Kb7 19. Rde3 Bxd4 20. Re7
Rhe8 21. Qb4 a5 22. Rxd7 axb4 23. Rxc7+ Ka6 24. Rd1 Bf6 25. Rxf7 Re2 26. Bh6
Rc8 27. Rc1 d4 28. Bxg7 d3 29. c3 Rxb2+ 30. Kxb2 bxc3+ 31. Rxc3 d2 32. Kc2
Rxc3+ 33. Kxd2 Bxg7 34. Rxg7 Ra3 35. Rxh7 Rxa2+ 36. Ke3 b5 37. Rh8 Kb7 38. h4
b4 39. Rd8 b3 40. Rd3 Ra3 41. Rd1 b2+ 0-1

[Event "Brno CEZ Talent"]
[Site "?"]
[Date "2013.08.29"]
[Round "6"]
[White "Pokorny, Petr"]
[Black "Majer, Jiri"]
[Result "1/2-1/2"]
[WhiteElo "2194"]
[BlackElo "2044"]
[PlyCount "31"]

1. d4 Nf6 2. c4 e6 3. Nc3 Bb4 4. Qc2 O-O 5. a3 Bxc3+ 6. Qxc3 b6 7. Bg5 Bb7 8.
e3 h6 9. Bh4 d6 10. f3 Nbd7 11. Bd3 e5 12. d5 Rc8 13. Bf5 g5 14. Bf2 c6 15.
dxc6 Rxc6 16. Bxd7 {(R)} 1/2-1/2

[Event "Brno CEZ Talent"]
[Site "?"]
[Date "2013.08.29"]
[Round "6"]
[White "Pekar, Vaclav"]
[Black "Hosek, Martin"]
[Result "1-0"]
[WhiteElo "2146"]
[BlackElo "2008"]
[PlyCount "47"]

1. b3 d5 2. Bb2 Nf6 3. e3 c5 4. f4 e6 5. Nf3 Nc6 6. Bb5 Bd6 7. O-O O-O 8. Bxc6
bxc6 9. Ne5 Qc7 10. Rf3 Nd7 11. Rh3 Bxe5 12. fxe5 Rd8 13. Qh5 Nf8 14. Nc3 d4
15. Ne4 Rd5 16. exd4 cxd4 17. Ng5 h6 18. Rf1 Rd7 19. Ne4 Ng6 20. Nf6+ gxf6 21.
exf6 Kf8 22. Qxh6+ Ke8 23. Qh8+ Nf8 24. Qxf8+ 1-0

[Event "Brno CEZ Talent"]
[Site "?"]
[Date "2013.08.29"]
[Round "6"]
[White "Dobes, Vojtech"]
[Black "Messerschmidt, Stanislav"]
[Result "1-0"]
[WhiteElo "2105"]
[BlackElo "1993"]
[PlyCount "94"]

1. d4 g6 2. c4 Bg7 3. Nc3 c5 4. d5 d6 5. e4 Nf6 6. Bd3 O-O 7. Nf3 Bg4 8. O-O
Nbd7 9. Be2 Nb6 10. Nd2 Qc8 11. h3 Bxh3 12. gxh3 Qxh3 13. Re1 Qh4 14. Bf3 Nh5
15. Bxh5 Bd4 16. Qf3 gxh5 17. Ne2 Be5 18. Qh1 Qg4+ 19. Qg2 f5 20. Ng3 Bxg3 21.
Qxg3 f4 22. Qxg4+ hxg4 23. b3 Nd7 24. Bb2 Ne5 25. Bxe5 dxe5 26. Kg2 Rf7 27. Rh1
a5 28. Rh5 a4 29. b4 cxb4 30. Rxe5 Ra6 31. Rg5+ Rg7 32. Rxg7+ Kxg7 33. c5 Ra8
34. Rc1 h5 35. Nc4 b3 36. axb3 axb3 37. Rc3 h4 38. Rxb3 f3+ 39. Kh2 Ra1 40. Ne3
Ra2 41. Nxg4 Rc2 42. Rxb7 Rxc5 43. Rxe7+ Kf8 44. Re6 Rc1 45. Rf6+ Kg7 46. Rxf3
Rd1 47. Ne3 Rd4 1-0

[Event "Brno CEZ Talent"]
[Site "?"]
[Date "2013.08.29"]
[Round "6"]
[White "Cip, Dalibor"]
[Black "Novak, Vitezslav"]
[Result "1/2-1/2"]
[WhiteElo "2103"]
[BlackElo "1970"]
[PlyCount "76"]

1. Nf3 d5 2. c4 c6 3. g3 g6 4. Bg2 Bg7 5. O-O e5 6. cxd5 cxd5 7. d3 Ne7 8. Nc3
O-O 9. Bg5 f6 10. Bd2 Be6 11. e4 d4 12. Na4 Qd6 13. b4 Nd7 14. Qb1 b5 15. Nc5
Nxc5 16. bxc5 Qc6 17. Rc1 a5 18. a3 Rfb8 {(R)} 19. Qc2 Bf8 20. Rab1 Qc7 21. Rb2
a4 22. Bb4 Nc6 23. Nd2 Rc8 24. Qd1 Nxb4 25. Rxb4 Qa5 26. Rcb1 Rxc5 27. Bf3 Rac8
28. Kg2 Rc2 29. Bg4 Bxg4 30. Qxg4 Qa6 31. Rxb5 Rxd2 32. Rb6 Qa8 33. Qe6+ Kh8
34. Rb7 Bg7 35. Rxg7 Kxg7 36. Qd7+ Kh8 37. Rb7 Qxb7 38. Qxb7 Rcc2 {(R)} 1/2-1/2

[Event "Brno CEZ Talent"]
[Site "?"]
[Date "2013.08.29"]
[Round "6"]
[White "Musil, Jiri"]
[Black "Hlavinka, Zdenek"]
[Result "1/2-1/2"]
[WhiteElo "2092"]
[BlackElo "1951"]
[PlyCount "44"]

1. d4 Nf6 2. c4 e6 3. Nf3 b6 4. a3 Ba6 5. Nbd2 d5 6. e3 Be7 7. b3 O-O 8. Bd3
Bb7 9. O-O c5 10. Qc2 cxd4 11. Nxd4 dxc4 12. Nxc4 Qd5 13. f3 Rc8 14. a4 Bc5 15.
Bb2 Na6 16. Qf2 e5 17. Be4 Nxe4 18. fxe4 Qxe4 19. Qxf7+ Kh8 20. Nf3 Rf8 21. Qh5
Rf5 22. Qh4 Bxe3+ {(R)} 1/2-1/2